000 01367nam a2200289Ia 4500
999 _c40851
_d40851
001 7492
003 GE_BSU
005 20231218114022.0
008 181216s2011||||ge |||||||||||||| ||geo||
020 _a9789941104442.
040 _cGE_BSU
041 _ageo
080 _a657.15(075.8) კ-44
100 _aკვატაშიძე, ნ.
_914156
245 _aფინანსური ანგარიშგება :
_bსახელმძღვ. /
_cნ. კვატაშიძე, ა. ხორავა, ზ. გოგრიჭიანი ; რედ. რევაზ ძაძამია.
264 _aთბილისი :
_bმერიდიანი,
_c2011.
300 _a300 გვ. :
_bცხრ. ;
_c29 სმ.
500 _aდანართები გვ. : 283-298
504 _aბიბლოგრ. გვ. : 281-283
541 _h23ლ.
653 _aფინანსური ანგარიშგება
653 _aსახელმძღვანელოები უმაღლესი სასწავლებლებისათვის
700 _aხორავა, ა.
_eავტორი
_920770
700 _aგოგრიჭიანი, ზ.
_eავტორი
_914158
700 _aძაძამია, რევაზ
_eრედაქტორი
_9885
942 _cBK
_2udc